Statistics for Coldest NBA Players of all time

Click here to take the quiz!

General Stats

  • This quiz has been taken 11 times
  • The average score is 5 of 8

Answer Stats

Answer% Correct
James Harden
90%
Michael Jordan
90%
George Gervin
80%
Grant Williams
80%
Kyrie Irving
80%
Latrell Sprewell
50%
nashon bones hyland
40%
Isaiah Thom
10%

Score Distribution

Percentile by Number Answered

Percent of People with Each Score

Your Score History

You have not taken this quiz